| 000 | 01731nam0a22002891 4500 | ||
|---|---|---|---|
| 001 | v19\rc\1515795 | ||
| 005 | 20260406232751.0 | ||
| 035 | _a(NLR Aleph) 004639454 | ||
| 090 |
_a3274617 _c3274617 |
||
| 100 | _a20060620d1885 |||y0rusy50 ca | ||
| 101 | 0 | _arus | |
| 102 | _aRU | ||
| 105 | _ay z ||||| | ||
| 200 | 1 | _aСвод возражений господина казанского губернатора на уездные земские сметы и раскладки Казанской губернии на 1885 год, доклад семичленной Комиссии ХХ очередному Казанскому губернскому земскому собранию по упомянутым возражениям и относящиеся к этому делу постановления Губернского земского собрания | |
| 210 |
_aКазань _d1885 |
||
| 215 |
_a68 с. _d24 |
||
| 327 | 0 | _aС. 49-51: Журнал XX очередного Казан. губ. зем. собр. 9 дек. 1884 г. | |
| 464 | 0 |
_12001#$aЖурнал XX очередного Казанского губернского земского собрания 9 дек. 1884 г. _1215##$aС. 49-51 _171202$aКазанское губ. земское собрание _tЖурнал XX очередного Казанского губернского земского собрания 9 дек. 1884 г. |
|
| 710 | 0 | 2 |
_aКазанский губернатор _3RU\NLR\AUTH\889985844 _9467298 |
| 801 | 0 |
_aRU _bNLR _gpsbo |
|
| 801 | 0 |
_aRU _bRuMoRGB _2psbo |
|
| 801 | 1 |
_aRU _bProSoft-M _2rusmarc |
|
| 852 |
_aNLR _bЗем _j13/361 |
||
| 899 | _aБАН | ||
| 899 |
_aRuMoRGB _jA 154/90 |
||
| 942 | _cBOOK | ||
| 980 | _aNB | ||